000 02578cam a2200481 a 4500
001 9997
003 FISKH
005 20260325084530.0
008 091214s2010 nyuab j b 001 0deng
010 _a 2009052205
015 _aGBB065335
_2bnb
016 7 _a015562556
_2Uk
020 _a9780810940567
020 _a0810940566
020 _a9780545496667
040 _aDLC
_cDLC
_beng
043 _an-us-fl
050 0 0 _aF319.F734
_bT87 2010
082 0 0 _a975.9/18
_222
100 1 _aTurner, Glennette Tilley.
245 1 0 _aFort Mose :
_band the story of the man who built the first free black settlement in colonial America /
_cGlennette Tilley Turner.
260 _aNew York :
_bAbrams Books for Young Readers,
_c2010.
300 _a42 pages :
_bcolor illustrations and maps ;
_c23 cm.
504 _aIncludes bibliographical references (p. 38-40) and index.
505 0 _aThe story of Francisco Menendez -- His early life in Africa -- Life in England's America -- Life in Spain's America -- The building of Fort Mose -- Slave revolts and their effect -- Petitions to the King -- Rebuilding Fort Mose -- The demise of Fort Mose -- Afterword: Fort Mose today.
520 _aFollows the history of slavery from West Africa to America, recounts what daily life was like, and describes the founding of the Spanish colonys.
586 _aBooklist Editors' Choice Books for Youth, 2010.
600 1 0 _aMenendez, Francisco,
_dapproximately 1700-
_vJuvenile literature.
650 0 _aAfrican Americans
_zFlorida
_zSaint Augustine
_vBiography
_vJuvenile literature.
650 0 _aAfrican Americans
_zFlorida
_zSaint Augustine
_xHistory
_y18th century
_vJuvenile literature.
650 0 _aFree African Americans
_zFlorida
_zSaint Augustine
_xHistory
_y18th century
_vJuvenile literature.
650 0 _aFugitive slaves
_zFlorida
_zSaint Augustine
_xHistory
_y18th century
_vJuvenile literature.
650 0 _aFrontier and pioneer life
_zFlorida
_zSaint Augustine
_vJuvenile literature.
651 0 _aFort Mose Site (Fla.)
_vJuvenile literature.
651 0 _aSaint Augustine (Fla.)
_xMilitia
_xHistory
_y18th century
_vJuvenile literature.
651 0 _aSaint Augustine (Fla.)
_xHistory
_y18th century
_vJuvenile literature.
651 0 _aFlorida
_xHistory
_ySpanish colony, 1565-1763
_vJuvenile literature.
655 7 _aLiterature.
_2lcgft
_0https://id.loc.gov/authorities/genreForms/gf2014026415
655 7 _aBiographies.
_2lcgft
_0https://id.loc.gov/authorities/genreForms/gf2014026049
906 _a7
_bcbc
_corignew
_d1
_eecip
_f20
_gy-gencatlg
942 _2ddc
_cBK
_n0
999 _c9997
_d9997